Leyes y sentido de los sueños con una crítica de la interpretación de sueños y una ojeada sobre la función de la subconsciencia / (Record no. 91110)

MARC details
000 -LEADER
campo de control de longitud fija 00695nam a2200205 i 4500
001 - NÚMERO DE CONTROL
campo de control 91110
003 - IDENTIFICADOR DE NÚMERO DE CONTROL
campo de control ES-MaACL
005 - FECHA Y HORA DE LA ÚLTIMA TRANSACCIÓN
campo de control 20230906180637.0
007 - CAMPO FIJO DE DESCRIPCIÓN FÍSICA--INFORMACIÓN GENERAL
campo de control de longitud fija t|
008 - DATOS DE LONGITUD FIJA--INFORMACIÓN GENERAL
campo de control de longitud fija 050127s1958 sp ||||1| spa d
100 1# - ENTRADA PRINCIPAL--NOMBRE DE PERSONA
Nombre de persona Leonhard, Karl.
9 (RLIN) 71684
245 10 - MENCIÓN DEL TÍTULO
Título Leyes y sentido de los sueños con una crítica de la interpretación de sueños y una ojeada sobre la función de la subconsciencia /
Mención de responsabilidad, etc. Karl Leonhard.
250 ## - MENCION DE EDICION
Mención de edición 2ª ed. amp.
260 ## - PUBLICACIÓN, DISTRIBUCIÓN, ETC.
Lugar de publicación, distribución, etc. Madrid :
Nombre del editor, distribuidor, etc. Alhambra,
Fecha de publicación, distribución, etc. 1958 (
Fabricante Castilla)
300 ## - DESCRIPCIÓN FÍSICA
Extensión 111 p. ;
Dimensiones 23 cm.
490 1# - MENCIÓN DE SERIE
Mención de serie Monografías médicas Alhambra
830 0# - PUNTO DE ACCESO ADICIONAL DE SERIE-TÍTULO UNIFORME
Título uniforme Monografías médicas Alhambra
9 (RLIN) 182831
852 ## - LOCALIZACIÓN
Ubicación ES-MaACL
Número de control de estantería C-15349
Sublocalización o colección R.42404
Holdings
Estatus retirado Estado de pérdida Estado de daño No para préstamo Biblioteca de origen Biblioteca actual Ubicación en estantería Fecha de adquisición Fuente de adquisición Total de préstamos Signatura topográfica completa Código de barras Visto por última vez Precio de reemplazo Tipo de ítem Koha
        Biblioteca del Ateneo de Madrid Biblioteca del Ateneo de Madrid Ficheros 17/01/2008     C-15349 1095126 23/02/2023 23/02/2023 Libro impreso